02688cam a2200469 i 450000100090000000300040000900500170001300800410003001000170007102000180008802000320010602000320013802000400017002000370021004000280024704200080027505000220028308200200030510000420032524500990036725000190046626400510048530000400053633600260057633700280060233800270063065000430065765000300070065000240073094200460075495201400080095201400094095201400108095201400122095201400136095201400150095201400164095201400178095201400192095201410206099900170220120727021OSt20250610102100.0181031s2020 nyua b 001 0 eng  a 2018051192 a9789353168469 a9781260087956q(alk. paper) a1260087956q(bound edition) a9781260166477q(loose-leaf edition) a1260166473q(loose-leaf edition) aDLCbengcDLCerdadDLC apcc00aHD45b.S3353 202000a658.4012bSCH/S1 aSchilling, Melissa A.eauthor.91058910aStrategic management of technological innovation /cMelissa A. Schilling, New York University. aSixth edition. 1aNew York, NY :bMcGraw-Hill Education,c[2020] a365 pages :billustrations ;c25 cm atextbtxt2rdacontent aunmediatedbn2rdamedia avolumebnc2rdacarrier 0aTechnological innovationsxManagement. 0aNew productsxManagement. 0aStrategic planning. 2ddccBKh658.4012iSCH/Sk658.4012mSCH/S 00102ddc40708MANAGEMENTaMESbMEScMANAGEMENTd2025-06-10l0o658.4012 SCH/Sp45780r2025-06-10 10:20:21t1w2025-06-10yBKzGL55R2 00102ddc40708MANAGEMENTaMESbMEScMANAGEMENTd2025-06-10l0o658.4012 SCH/Sp45781r2025-06-10 10:20:21t2w2025-06-10yBKzGL55R2 00102ddc40708MANAGEMENTaMESbMEScMANAGEMENTd2025-06-10l0o658.4012 SCH/Sp45782r2025-06-10 10:20:21t3w2025-06-10yBKzGL55R2 00102ddc40708MANAGEMENTaMESbMEScMANAGEMENTd2025-06-10l0o658.4012 SCH/Sp45783r2025-06-10 10:20:21t4w2025-06-10yBKzGL55R2 00102ddc40708MANAGEMENTaMESbMEScMANAGEMENTd2025-06-10l0o658.4012 SCH/Sp45784r2025-06-10 10:20:21t5w2025-06-10yBKzGL55R2 00102ddc40708MANAGEMENTaMESbMEScMANAGEMENTd2025-06-10l0o658.4012 SCH/Sp45785r2025-06-10 10:20:21t6w2025-06-10yBKzGL55R2 00102ddc40708MANAGEMENTaMESbMEScMANAGEMENTd2025-06-10l0o658.4012 SCH/Sp45786r2025-06-10 10:20:21t7w2025-06-10yBKzGL55R2 00102ddc40708MANAGEMENTaMESbMEScMANAGEMENTd2025-06-10l0o658.4012 SCH/Sp45787r2025-06-10 10:20:21t8w2025-06-10yBKzGL55R2 00102ddc40708MANAGEMENTaMESbMEScMANAGEMENTd2025-06-10l0o658.4012 SCH/Sp45788r2025-06-10 10:20:21t9w2025-06-10yBKzGL55R2 00102ddc40708MANAGEMENTaMESbMEScMANAGEMENTd2025-06-10l0o658.4012 SCH/Sp46029r2025-06-10 10:20:21t10w2025-06-10yBKzGL55R2 c44488d44488